| 000 | 00554cam a2200229ua 4500 | ||
|---|---|---|---|
| 001 | 8616 | ||
| 005 | 20260515114345.0 | ||
| 008 | 150210n ii |||gr||||Z||||||eng | ||
| 020 | _a9789381138731 | ||
| 040 | _cMAIN | ||
| 041 | _aeng | ||
| 082 | _a826 | ||
| 100 |
_aRaghupathi, S., _eAuthor. |
||
| 245 | 1 |
_aLetter and paragraph writing _cBy Seema Raghupathi |
|
| 250 | _a1st. | ||
| 260 |
_aDelhi: _bPacific, _c2013. |
||
| 300 | _a248p. | ||
| 653 | _aEnglish letters | ||
| 653 | _aLetter writing | ||
| 700 |
_aShyamgopal, S., _eAuthor. |
||
| 942 | _cBK | ||
| 999 |
_c7710 _d7710 |
||